|
|
|
|
| LEADER |
00000nam0a2200000 4500 |
| 001 |
284979 |
| 005 |
20231101235741.0 |
| 020 |
|
|
|a RU
|b 83-81191
|
| 035 |
|
|
|a (RuTPU)RU\TPU\book\309176
|
| 090 |
|
|
|a 284979
|
| 100 |
|
|
|a 20150219d1983 k y0rusy5003 ca
|
| 101 |
0 |
|
|a rus
|
| 102 |
|
|
|a BY
|
| 105 |
|
|
|a a z 001zy
|
| 200 |
1 |
|
|a Палеотектоника Белоруссии
|f Академия наук Белорусской ССР (АН БССР), Институт геохимии и геофизики ; Белорусский научно-исследовательский геологоразведочный институт ; под ред. Р. Г. Гарецкого
|
| 210 |
|
|
|a Минск
|c Наука и техника
|d 1983
|
| 215 |
|
|
|a 183 с.
|c ил.
|
| 320 |
|
|
|a Библиогр.: с. 172-180
|
| 606 |
|
|
|a Палеотектоника
|2 stltpush
|3 (RuTPU)RU\TPU\subj\48028
|9 66910
|
| 610 |
1 |
|
|a Белорусская ССР
|
| 610 |
1 |
|
|a формации
|
| 610 |
1 |
|
|a территории
|
| 610 |
1 |
|
|a структура
|
| 610 |
1 |
|
|a развитие
|
| 610 |
1 |
|
|a соседние области
|
| 610 |
1 |
|
|a карты
|
| 610 |
1 |
|
|a этапы
|
| 610 |
1 |
|
|a разнотипные структуры
|
| 610 |
1 |
|
|a формирование
|
| 610 |
1 |
|
|a нефтегазоносность
|
| 675 |
|
|
|a 551.348.1
|v 3
|
| 702 |
|
1 |
|a Гарецкий
|b Р. Г.
|g Радим Гаврилович
|4 340
|
| 712 |
0 |
2 |
|a Академия наук Белорусской ССР (АН БССР)
|b Институт геохимии и геофизики
|2 stltpush
|3 (RuTPU)RU\TPU\col\11735
|
| 712 |
0 |
2 |
|a Белорусский научно-исследовательский геологоразведочный институт
|2 stltpush
|3 (RuTPU)RU\TPU\col\7965
|9 24442
|
| 801 |
|
0 |
|a RU
|b RuMRKP
|c 19950704
|g psbo
|
| 801 |
|
1 |
|a RU
|b 63413507
|c 20150219
|
| 801 |
|
2 |
|a RU
|b 63413507
|c 20171206
|g RCR
|
| 942 |
|
|
|c BK
|